000 00888nam a2200277Ia 4500
003 OSt
005 20221005022731.0
006 a|||||r|||| 00| 0
007 ta
008 221004b |||||||| |||| 00| 0 eng d
020 _a9027241261
_c6637.8
024 _a83304
037 _b77759, 30/03/2005, International Book Distributors
_cTextual
040 _aCRL
_cCRL
_beng
041 _2eng
_aeng
082 _aP(T:332):(S), P4
100 _aParadis Michel
_9578558
245 0 _aNeurolinguistic theory of bilingualism
260 _aAmsterdam
_bJohn Benjamins Publishing Company Netherland
_c2004
300 _a299p.
_ccm.
490 _aStudies in Bilingualism
650 _a LINGUISTICS
650 _aBILINGUALISM
_9578559
942 _hP(T:332):(S), P4
_cTEXL
_2cc
999 _c929946
_d929946